| 000 | 00715cam a2200241 4500 | ||
|---|---|---|---|
| 001 | ABS63412 | ||
| 008 | 000000n2001 000 0 eng u | ||
| 035 | _a(Sirsi) u110730 | ||
| 245 | _aRegional survey: Bristol and Swindon | ||
| 260 | _c2001 | ||
| 490 |
_aProperty Week _v66(3) 19 January 2001, 59-86(11) |
||
| 590 | _aABS | ||
| 650 | _aAVON | ||
| 650 | _aBRISTOL | ||
| 650 | _aINDUSTRIAL MARKET | ||
| 650 | _aPROPERTY-COMMERCIAL PROPERTY-OFFICE PROPERTY-OFFICE PROPERTY MARKET | ||
| 650 | _aPROPERTY-COMMERCIAL PROPERTY-RETAIL PROPERTY-RETAIL PROPERTY MARKET | ||
| 650 | _aSOUTH GLOUCESTERSHIRE | ||
| 650 | _aSWINDON | ||
| 650 | _aWILTSHIRE | ||
| 690 | _aCOMMERICAL PROPERTY-MARKET | ||
| 942 | _n0 | ||
| 999 |
_c65996 _d65996 |
||